Top 10 Most Popular Vegatables - Statistics

General Stats
  • This quiz has been taken 506 times
    494 since last reset
  • The average score is 6 of 10
Answer Stats
Answer % Correct
Carrot
91%
Tomato
82%
Potato
77%
Lettuce
72%
Onion
67%
Broccoli
62%
Capsicum
58%
Mushroom
31%
Pumpkin
30%
Zucchini
23%
No matching quizzes found
Score Distribution
Percent of People with Each Score
Percentile by Number Answered
Your Score History
You have not taken this quiz since the last reset